000 00573nam a2200181Ia 4500
008 090123s9999 xx 000 0 und d
082 _b24654
100 _aतेंडुलकर प्रिया
245 _aपंचतारांकित
250 _a2
260 _bडिंपल प्रकाशन
300 _a144
600 _aतेंडुलकर प्रिया
630 _aपंचतारांकित
700 _aतेंडुलकर प्रिया
730 _aपंचतारांकित
942 _cBOOK
999 _c62725
_d62725